00584nam a2200169 i 4500001000300000100003800003245008100041250003100122260002100153040000800174041000800182942000700190008004100197999001700238856009800255952006100353bg1 aHueckel, Stanisławd(1911-1980). 0aBudowle morskie.nT. 4,pWykonawstwo robót morskich /cStanisław Hueckel. aWyd. 2 zaktual. i poszerz. aGdańsk,c1972. cBPK apol cKS s pl f |000 0 pol  c10012d10012 uhttp://koha.tu.koszalin.pl/cgi-bin/koha/opac-detail.pl?biblionumber=10012yKatalog online BPK 00104070aBPKbBPKcwo25532p01429510s2017-02-23yKS